|
|
|
|
| LEADER |
02626nam a22005295i 4500 |
| 001 |
978-981-10-4663-6 |
| 003 |
DE-He213 |
| 005 |
20180202021958.0 |
| 007 |
cr nn 008mamaa |
| 008 |
170530s2017 si | s |||| 0|eng d |
| 020 |
|
|
|a 9789811046636
|9 978-981-10-4663-6
|
| 024 |
7 |
|
|a 10.1007/978-981-10-4663-6
|2 doi
|
| 040 |
|
|
|d GrThAP
|
| 050 |
|
4 |
|a QC350-467
|
| 050 |
|
4 |
|a QC630-648
|
| 072 |
|
7 |
|a PHJ
|2 bicssc
|
| 072 |
|
7 |
|a PHK
|2 bicssc
|
| 072 |
|
7 |
|a SCI021000
|2 bisacsh
|
| 082 |
0 |
4 |
|a 535.2
|2 23
|
| 082 |
0 |
4 |
|a 537.6
|2 23
|
| 100 |
1 |
|
|a Li, Lin.
|e author.
|
| 245 |
1 |
0 |
|a Manipulation of Near Field Propagation and Far Field Radiation of Surface Plasmon Polariton
|h [electronic resource] /
|c by Lin Li.
|
| 264 |
|
1 |
|a Singapore :
|b Springer Singapore :
|b Imprint: Springer,
|c 2017.
|
| 300 |
|
|
|a X, 116 p. 80 illus., 74 illus. in color.
|b online resource.
|
| 336 |
|
|
|a text
|b txt
|2 rdacontent
|
| 337 |
|
|
|a computer
|b c
|2 rdamedia
|
| 338 |
|
|
|a online resource
|b cr
|2 rdacarrier
|
| 347 |
|
|
|a text file
|b PDF
|2 rda
|
| 490 |
1 |
|
|a Springer Theses, Recognizing Outstanding Ph.D. Research,
|x 2190-5053
|
| 520 |
|
|
|a This book mainly focuses on the study of steering electromagnetic fields in near-field and far-field contexts involving plasmonic structures. It also offers a new approach to achieving full control of optical polarizations and potentially boosting the development in photonic information processing. A new in-plane phase modulation method is proposed and described, by means of which a series of optical beams were realized with nanostructures in metal surfaces, such as a plasmonic Airy beam, broad band focusing beam, and demultiplexing, collimated beam, as well as an optical orbital angular momentum (OAM) beam. Further, the book presents a plasmonic polarization generator, which can reconfigure an input polarization to all kinds of states simultaneously.
|
| 650 |
|
0 |
|a Physics.
|
| 650 |
|
0 |
|a Microwaves.
|
| 650 |
|
0 |
|a Optical engineering.
|
| 650 |
|
0 |
|a Optical materials.
|
| 650 |
|
0 |
|a Electronic materials.
|
| 650 |
1 |
4 |
|a Physics.
|
| 650 |
2 |
4 |
|a Classical Electrodynamics.
|
| 650 |
2 |
4 |
|a Microwaves, RF and Optical Engineering.
|
| 650 |
2 |
4 |
|a Optical and Electronic Materials.
|
| 650 |
2 |
4 |
|a Optics, Lasers, Photonics, Optical Devices.
|
| 710 |
2 |
|
|a SpringerLink (Online service)
|
| 773 |
0 |
|
|t Springer eBooks
|
| 776 |
0 |
8 |
|i Printed edition:
|z 9789811046629
|
| 830 |
|
0 |
|a Springer Theses, Recognizing Outstanding Ph.D. Research,
|x 2190-5053
|
| 856 |
4 |
0 |
|u http://dx.doi.org/10.1007/978-981-10-4663-6
|z Full Text via HEAL-Link
|
| 912 |
|
|
|a ZDB-2-PHA
|
| 950 |
|
|
|a Physics and Astronomy (Springer-11651)
|